<?xml version="1.0" encoding="UTF-8"?>
<record
    xmlns:xsi="http://www.w3.org/2001/XMLSchema-instance"
    xsi:schemaLocation="http://www.loc.gov/MARC21/slim http://www.loc.gov/standards/marcxml/schema/MARC21slim.xsd"
    xmlns="http://www.loc.gov/MARC21/slim">

  <leader>00691na  a2200229   4500</leader>
  <controlfield tag="001">18190</controlfield>
  <controlfield tag="003">MIRAKIL</controlfield>
  <controlfield tag="005">20181213154929.0</controlfield>
  <controlfield tag="008">161114b        tu            000 0      </controlfield>
  <datafield tag="040" ind1=" " ind2=" ">
    <subfield code="a">Milas</subfield>
    <subfield code="b">tur</subfield>
    <subfield code="c">TR-AnCHP</subfield>
  </datafield>
  <datafield tag="041" ind1=" " ind2=" ">
    <subfield code="a">tur</subfield>
  </datafield>
  <datafield tag="082" ind1=" " ind2=" ">
    <subfield code="a">362.042256511</subfield>
    <subfield code="b">O5 2016</subfield>
  </datafield>
  <datafield tag="090" ind1=" " ind2=" ">
    <subfield code="a">362.042256511 O5 2016</subfield>
  </datafield>
  <datafield tag="245" ind1=" " ind2=" ">
    <subfield code="a">10 Ekim Ankara katliam&#x131;</subfield>
    <subfield code="c">Kitab&#x131; haz&#x131;rlayanlar Gizem G&#xF6;ktepe, ...[ve &#xF6;te.]</subfield>
  </datafield>
  <datafield tag="260" ind1=" " ind2=" ">
    <subfield code="a">Ankara</subfield>
    <subfield code="b">Sosyal Demokrasi Derne&#x11F;i</subfield>
    <subfield code="c">2016</subfield>
  </datafield>
  <datafield tag="300" ind1=" " ind2=" ">
    <subfield code="a">74 s.</subfield>
    <subfield code="b">fot&#x11F;.; res.</subfield>
    <subfield code="c">28 sm.</subfield>
  </datafield>
  <datafield tag="650" ind1=" " ind2=" ">
    <subfield code="a">Ankara katliam&#x131;, 10 Ekim</subfield>
  </datafield>
  <datafield tag="650" ind1=" " ind2=" ">
    <subfield code="a">Toplumsal olaylar</subfield>
    <subfield code="x">Katliamlar </subfield>
  </datafield>
  <datafield tag="651" ind1=" " ind2=" ">
    <subfield code="a">Ankara</subfield>
    <subfield code="x">Toplumsal sorunlar</subfield>
  </datafield>
  <datafield tag="700" ind1=" " ind2=" ">
    <subfield code="a">G&#xF6;ktepe, Gizem</subfield>
  </datafield>
  <datafield tag="942" ind1=" " ind2=" ">
    <subfield code="2">ddc</subfield>
    <subfield code="c">BKS</subfield>
  </datafield>
  <datafield tag="952" ind1=" " ind2=" ">
    <subfield code="a">0001</subfield>
    <subfield code="b">0001</subfield>
    <subfield code="d">2016-11-14</subfield>
    <subfield code="e">2</subfield>
    <subfield code="l">0</subfield>
    <subfield code="o">362.042256511 O5 2016</subfield>
    <subfield code="p">008639</subfield>
    <subfield code="r">2016-11-14 00:00:00</subfield>
    <subfield code="v">0.00</subfield>
    <subfield code="w">2016-11-14</subfield>
    <subfield code="y">BKS</subfield>
  </datafield>
  <datafield tag="999" ind1=" " ind2=" ">
    <subfield code="c">3378</subfield>
    <subfield code="d">3378</subfield>
  </datafield>
</record>
